Analytical Geometry of Two and Three Dimensions and Vector Analysis (Record no. 1062)
[ view plain ]
| 000 -LEADER | |
|---|---|
| Fixed length control field | 00506nam a2200169 4500 |
| 003 - CONTROL NUMBER IDENTIFIER | |
| Control field | SEACOMEC |
| 005 - DATE AND TIME OF LATEST TRANSACTION | |
| Control field | 20240511130631.0 |
| 008 - FIXED-LENGTH DATA ELEMENTS--GENERAL INFORMATION | |
| Fixed length control field | 240511b |||||||| |||| 00| 0 eng d |
| 020 ## - INTERNATIONAL STANDARD BOOK NUMBER / ISBN | |
| International Standard Book Number | 978-8173810893 |
| Price | 245.00 |
| 040 ## - CATALOGING SOURCE | |
| Original cataloging agency | SEACOMEC |
| 082 ## - DEWEY DECIMAL CLASSIFICATION NUMBER | |
| Classification number | 516.15 |
| Book Number | K45 |
| 100 ## - MAIN ENTRY--PERSONAL NAME | |
| Personal name | Khan, Ratan Mohan |
| 245 ## - TITLE STATEMENT | |
| Title | Analytical Geometry of Two and Three Dimensions and Vector Analysis |
| Statement of responsibility | Ratan Mohan Khan |
| 260 ## - IMPRINT | |
| Place of publication | Kolkata |
| Name of publisher | New Central Book Agency |
| Date of publication | 2005 |
| 300 ## - PHYSICAL DESCRIPTION | |
| Page / Vol. No | 538 p. |
| Dimensions | 16 x 2.8 x 24 cm |
| 942 ## - ADDED ENTRY ELEMENTS (KOHA) | |
| Koha item type | Books |
| Withdrawn status | Lost status | Source of classification | Damaged status | Not for loan | Home library | Current library | Date acquired | Total Checkouts | Call number | Accession number | Date last seen | Price effective from | Koha item type | Copy number |
|---|---|---|---|---|---|---|---|---|---|---|---|---|---|---|
| Dewey Decimal Classification | SEACOM ENGINEERING COLLEGE | SEACOM ENGINEERING COLLEGE | 11/05/2024 | 516.15 K45 | 5425 | 11/05/2024 | 11/05/2024 | Books | ||||||
| Dewey Decimal Classification | SEACOM ENGINEERING COLLEGE | SEACOM ENGINEERING COLLEGE | 11/05/2024 | 516.15 K45 | 5426 | 11/05/2024 | 11/05/2024 | Books | 1 |
